000 00400nam a2200157Ia 4500
008 230524s9999 xx 000 0 und d
082 _a642.143
_bSIN
100 _aS.C.Singhal
245 0 _aProblems and Solutions in Engineering Thermodynamics
250 _a1ST
260 _aNEW DELHI
_bCBS
_c2005
300 _aXV;600
500 _aQuantity Number: 2
650 _aThermodynamics
942 _cBK
999 _c21361
_d21361